Sams teach yourself microsoft SQL server 2000 in 21 days / (Record no. 194755)
[ view plain ]
| 000 -LEADER | |
|---|---|
| fixed length control field | 01241 a2200193 4500 |
| 003 - CONTROL NUMBER IDENTIFIER | |
| control field | Nust |
| 005 - DATE AND TIME OF LATEST TRANSACTION | |
| control field | 20221017150750.0 |
| 020 ## - INTERNATIONAL STANDARD BOOK NUMBER | |
| International Standard Book Number | 8176355003 |
| 040 ## - CATALOGING SOURCE | |
| Transcribing agency | Nust |
| 082 ## - DEWEY DECIMAL CLASSIFICATION NUMBER | |
| Classification number | 005.756,WAY |
| 100 ## - MAIN ENTRY--PERSONAL NAME | |
| Personal name | Waymire, Richard |
| 9 (RLIN) | 100530 |
| 245 ## - TITLE STATEMENT | |
| Title | Sams teach yourself microsoft SQL server 2000 in 21 days / |
| Statement of responsibility, etc. | Richard Waymire and Rick Sawtell |
| 260 ## - PUBLICATION, DISTRIBUTION, ETC. | |
| Place of publication, distribution, etc. | New Delhi |
| Name of publisher, distributor, etc. | Techmedia |
| Date of publication, distribution, etc. | 2001 |
| 300 ## - PHYSICAL DESCRIPTION | |
| Extent | 850 p.: |
| 505 ## - FORMATTED CONTENTS NOTE | |
| Formatted contents note | Introducing Relational Databases And Microsoft SQL Server 2000 (Page-9), Installing Microsoft SQL Server 2000 (Page-23), Working With SQL Server 2000 Management Tools And Utilities (Page-63), Creating And Administering Databases And Data Files (Page-111), Setting Up Login And User Security (Page-145), Backing Up Your Databases (Page-219), Data Types And Creating Tables (Page-297), Retrieving Data With The SELECT Statement (Page-325), Modifying Data (Page-375), Using Transact –SQL Extensions (Page-393), Indexing For Performance (Page-429), Creating Views, Triggers, Stored Procedures And Functions (Page-513), Understanding Replication Design Methodologies (Page-549), Bonus Days at a glance (Page-745). |
| 650 ## - SUBJECT ADDED ENTRY--TOPICAL TERM | |
| Topical term or geographic name entry element | SQL server 2000 |
| 9 (RLIN) | 100531 |
| 651 ## - SUBJECT ADDED ENTRY--GEOGRAPHIC NAME | |
| Geographic name | (Include CD) |
| 9 (RLIN) | 8953 |
| 942 ## - ADDED ENTRY ELEMENTS (KOHA) | |
| Source of classification or shelving scheme | |
| Koha item type | Book |
| Call number prefix | 005.756,WAY |
| Withdrawn status | Lost status | Source of classification or shelving scheme | Damaged status | Not for loan | Permanent Location | Current Location | Shelving location | Date acquired | Total Checkouts | Full call number | Barcode | Date last seen | Date last checked out | Price effective from | Koha item type | Public note |
|---|---|---|---|---|---|---|---|---|---|---|---|---|---|---|---|---|
| Military College of Signals (MCS) | Military College of Signals (MCS) | General Stacks | 12/12/2016 | 1 | 005.756,WAY | MCS36395 | 01/23/2023 | 01/10/2023 | 12/12/2016 | Book | Almirah No.135, Shelf No.6 |
